<?xml version="1.0" encoding="UTF-8"?>
<record
    xmlns:xsi="http://www.w3.org/2001/XMLSchema-instance"
    xsi:schemaLocation="http://www.loc.gov/MARC21/slim http://www.loc.gov/standards/marcxml/schema/MARC21slim.xsd"
    xmlns="http://www.loc.gov/MARC21/slim">

  <leader>02382nam a22002177a 4500</leader>
  <controlfield tag="008">170816s2016        ck||||| |||| 00| 0 spa d</controlfield>
  <datafield tag="020" ind1=" " ind2=" ">
    <subfield code="a">9789587169416</subfield>
  </datafield>
  <datafield tag="082" ind1="0" ind2="4">
    <subfield code="a">701.17</subfield>
    <subfield code="b">H557e</subfield>
  </datafield>
  <datafield tag="100" ind1="1" ind2=" ">
    <subfield code="a">Hern&#xE1;ndez Garc&#xED;a, Iliana.</subfield>
    <subfield code="9">5913</subfield>
  </datafield>
  <datafield tag="245" ind1="1" ind2="0">
    <subfield code="a">Est&#xE9;tica de los mundos posibles :</subfield>
    <subfield code="b">inmersi&#xF3;n en la vida artificial, las artes y las pr&#xE1;cticas urbanas /</subfield>
    <subfield code="c">Iliana Hern&#xE1;ndez Garc&#xED;a.</subfield>
  </datafield>
  <datafield tag="250" ind1=" " ind2=" ">
    <subfield code="a">1a edici&#xF3;n.</subfield>
  </datafield>
  <datafield tag="260" ind1=" " ind2=" ">
    <subfield code="a">Bogot&#xE1;, Colombia :</subfield>
    <subfield code="b">Editorial Pontificia Universidad Javeriana,</subfield>
    <subfield code="c">2016.</subfield>
  </datafield>
  <datafield tag="300" ind1=" " ind2=" ">
    <subfield code="a">356 p&#xE1;ginas :</subfield>
    <subfield code="b">ilustraciones en color.</subfield>
  </datafield>
  <datafield tag="505" ind1="0" ind2=" ">
    <subfield code="t">Introducci&#xF3;n</subfield>
    <subfield code="r">Iliana Hern&#xE1;ndez Garc&#xED;a.</subfield>
    <subfield code="t">Primera parte: vida artificial y mundos posibles.</subfield>
    <subfield code="t">Creaci&#xF3;n e innovaci&#xF3;n como proceso evolutivo abierto en los mundos virtuales inmersivos </subfield>
    <subfield code="r">Iliana Hern&#xE1;ndez Garc&#xED;a, Ra&#xFA;l Ni&#xF1;o Bernal y Jaime Her&#xE1;ndez-Garc&#xED;a. </subfield>
    <subfield code="t">Evoluci&#xF3;n abierta y sin l&#xED;mite: encontrando lo improbable y lo inesperado</subfield>
    <subfield code="r">Ileana Hern&#xE1;ndez Garc&#xED;a.</subfield>
    <subfield code="t">La no linealidad de la pol&#xED;tica</subfield>
    <subfield code="r">Ra&#xFA;l Ni&#xF1;o Bernal. </subfield>
    <subfield code="t">La complejidad de la experiencia humana</subfield>
    <subfield code="r">Carlos Eduardo Maldonado. </subfield>
    <subfield code="t">Los c&#xF3;digos flotantes en la ante-narrativa del mundo de la termodin&#xE1;mica </subfield>
    <subfield code="r">Tatiana C&#xE1;ceres Dom&#xED;nguez.</subfield>
    <subfield code="t">Segunda parte: artes electr&#xF3;nicas y horizontes po&#xE9;ticos.</subfield>
    <subfield code="t">Arte con materiales semivivos: discusiones biopol&#xED;ticas sobre bioarte</subfield>
    <subfield code="r">Mar&#xED;a Gabriela D'Odorico.</subfield>
    <subfield code="t">Di&#xE1;logos a-sublimes</subfield>
    <subfield code="r">Mariela Yeregui.</subfield>
    <subfield code="t">Por tr&#xE1;s da cena: producao de espet&#xE1;culos com cen&#xE1;rios interativos</subfield>
    <subfield code="r">Tania Fraga.</subfield>
    <subfield code="t">Se&#xF1;orita Etc...: andamiaje sonoro en palabras y acciones estridentistas</subfield>
    <subfield code="r">&#xC1;ngela Hoyos y Juan Hern&#xE1;ndez.</subfield>
    <subfield code="t">Arte, ciencia y realidad</subfield>
    <subfield code="r">Jorge Caterbetti.</subfield>
    <subfield code="t">Tercera parte: pr&#xE1;cticas urbanas y emergencia.</subfield>
    <subfield code="t">Habitat popular, &#xBF;un modo alternativo de producci&#xF3;n de espacio para Am&#xE9;rica Latina?</subfield>
    <subfield code="r">Jaime Hern&#xE1;ndez-Garc&#xED;a.</subfield>
    <subfield code="t">Placemaking as good practice</subfield>
    <subfield code="r">Beau B. Beza.</subfield>
    <subfield code="t">La memoria viva como modelo de conocimiento y acci&#xF3;n</subfield>
    <subfield code="r">Jaime Alberto Monta&#xF1;a Dom&#xED;nguez.</subfield>
    <subfield code="t">Sinaptop&#xED;as evolutivas: hipertoroides y metahibidaci&#xF3;n de las redes de informaci&#xF3;n</subfield>
    <subfield code="r">Carlos Andr&#xE9;s Acosta, Camilo Leyva y Santiago Casta&#xF1;eda.</subfield>
    <subfield code="t">El espacio y otras posibilidades: interdisciplinariedad, instalaciones y espejos</subfield>
    <subfield code="r">Carlos Rivera y Teresa Ch&#xE1;fer Bixquert.</subfield>
  </datafield>
  <datafield tag="653" ind1="1" ind2="0">
    <subfield code="a">Arte contempor&#xE1;neo</subfield>
  </datafield>
  <datafield tag="653" ind1="1" ind2="0">
    <subfield code="a">Ensayos</subfield>
  </datafield>
  <datafield tag="653" ind1="1" ind2="0">
    <subfield code="a">Arte - Innovaciones tecnol&#xF3;gicas</subfield>
  </datafield>
  <datafield tag="653" ind1="1" ind2="0">
    <subfield code="a">Arte - Ciencia y tecnolog&#xED;a</subfield>
  </datafield>
  <datafield tag="653" ind1="1" ind2="0">
    <subfield code="a">Est&#xE9;tica</subfield>
  </datafield>
  <datafield tag="653" ind1="1" ind2="0">
    <subfield code="a">Filosof&#xED;a del arte</subfield>
  </datafield>
  <datafield tag="999" ind1=" " ind2=" ">
    <subfield code="c">1250</subfield>
    <subfield code="d">1250</subfield>
  </datafield>
  <datafield tag="952" ind1=" " ind2=" ">
    <subfield code="0">0</subfield>
    <subfield code="1">0</subfield>
    <subfield code="2">ddc</subfield>
    <subfield code="4">0</subfield>
    <subfield code="7">0</subfield>
    <subfield code="a">LV</subfield>
    <subfield code="b">LV</subfield>
    <subfield code="c">Monograf&#xED;as</subfield>
    <subfield code="d">2017-08-16</subfield>
    <subfield code="l">0</subfield>
    <subfield code="o">701.17 H557e</subfield>
    <subfield code="p">004408</subfield>
    <subfield code="r">2017-08-16 00:00:00</subfield>
    <subfield code="w">2017-08-16</subfield>
    <subfield code="y">01</subfield>
  </datafield>
</record>
